| 000 | 00780nam a2200265 a 4500 | ||
|---|---|---|---|
| 001 | 000018898 | ||
| 005 | 20200929165858.0 | ||
| 008 | 750325s1993 sp 000 f spa d | ||
| 020 | _a8423308731 | ||
| 040 |
_aDO-SdBNP _bspa _cDLC _dBNPHU |
||
| 082 |
_a862.64 _bD353g, 1993 |
||
| 100 | 1 |
_aDelibes, Miguel, _d1920-2010 _93297 |
|
| 245 | 1 | 4 |
_aLas guerras de nuestros antepasados / _cMiguel Delibes. |
| 250 | _a7a ed. | ||
| 260 |
_aBarcelona : _bDestino, _c1993. |
||
| 300 |
_a296, [4] p. ; _c20 cm. |
||
| 490 | 1 |
_aÁncora y delfín _v457 |
|
| 650 | 4 |
_aTeatro español _93071 |
|
| 650 | 4 |
_aLiteratura española _9632 |
|
| 650 | 4 |
_aGuerras _xNovela _940686 |
|
| 830 | 0 |
_aÁncora y delfín ; _v457 _94704 |
|
| 910 | _aCatalogación derivada / LC | ||
| 910 | _aWM | ||
| 049 | _aBNGR | ||
| 999 |
_c18416 _d18416 |
||